AC/DC Songs Played Live - Statistics

General Stats
  • This quiz has been taken 35 times
  • The average score is 35 of 101
Answer Stats
Tour Song % Correct
1980 Back in Black
84%
1980 Hells Bells
78%
1990 Thunderstruck
78%
1979 Highway to Hell
72%
1980 Shoot to Thrill
69%
1976 Dirty Deeds Done Dirt Cheap
66%
1981 For Those About to Rock (We Salute You)
63%
1975 T.N.T.
63%
1975 High Voltage
59%
1977 Whole Lotta Rosie
59%
1980 You Shook Me All Night Long
59%
1975 It’s A Long Way To The Top (If You Wanna Rock n Roll)
56%
1977 Let There Be Rock
56%
1976 Jailbreak
50%
1979 Girls Got Rhythm
47%
1979 If You Want Blood (You’ve Got It)
47%
1986 Who Made Who
47%
1985 Fly on the Wall
44%
1980 Have a Drink on Me
44%
1990 Moneytalks
44%
1978 Riff Raff
44%
1978 Sin City
44%
1990 The Razors Edge
44%
2008 Black Ice
41%
1980 Givin The Dog A Bone
41%
1977 Hell Ain’t a Bad Place to Be
41%
1980 Rock and Roll Ain’t Noise Pollution
41%
2008 Rock n Roll Train
41%
1980 Shake a Leg
41%
1979 Shot Down in Flames
41%
2000 Stiff Upper Lip
41%
1975 The Jack
41%
1980 What Do You Do For Money Honey
41%
1979 Beating Around the Bush
38%
1978 Gimme a Bullet
38%
1988 Heatseeker
38%
1978 Rock n Roll Damnation
38%
1985 Shake Your Foundations
38%
1985 Sink the Pink
38%
1979 Touch Too Much
38%
1975 Baby Please Don’t Go
34%
1995 Ballbreaker
34%
1976 Big Balls
34%
1975 Can I Sit Next to You Girl
34%
1977 Dog Eat Dog
34%
1983 Flick of the Switch
34%
1978 Gone Shootin’
34%
1983 Guns for Hire
34%
1978 Kicked in the Teeth
34%
1975 She’s Got Balls
34%
1978 Up to My Neck in You
34%
1979 Walk All Over You
34%
1983 Bedlam in Belgium
31%
1981 C.O.D.
31%
1978 Down Payment Blues
31%
1979 Get It Hot
31%
1977 Go Down
31%
1995 Hard as a Rock
31%
1981 Let’s Get It Up
31%
1975 Live Wire
31%
1976 Problem Child
31%
1976 Ride On
31%
1975 Rocker
31%
2014 Rock or Bust
31%
1978 What’s Next To The Moon
31%
1990 Are You Ready
28%
1990 Fire Your Guns
28%
1975 Soul Stripper
28%
2008 War Machine
28%
1977 Bad Boy Boogie
25%
2008 Big Jack
25%
1981 Inject the Venom
25%
1975 Little Lover
25%
1985 Playing With Girls
25%
1983 Rising Power
25%
1975 Rock n Roll Singer
25%
1988 That’s The Way I Wanna Rock n Roll
25%
1983 Badlands
22%
1995 Cover You in Oil
22%
1985 First Blood
22%
1988 Go Zone
22%
1995 Hail Caesar
22%
1981 I Put the Finger on You
22%
1983 Landslide
22%
2000 Satellite Blues
22%
1983 This House Is on Fire
22%
2014 Baptism by Fire
19%
1995 Boogie Man
19%
2014 Play Ball
19%
2000 Safe in New York City
19%
1975 Show Business
19%
2008 Anything Goes
16%
1975 Love Song
16%
1988 Nick of Time
16%
1975 School Days
16%
1975 You Ain’t Got a Hold on Me
16%
2014 Got Some Rock n Roll Thunder
13%
2000 Meltdown
13%
1974 Rockin’ In The Parlour
13%
1975 Stick Around
13%
1976 Fling Thing
9%
No matching quizzes found
Score Distribution
Percent of People with Each Score
Percentile by Number Answered
Your Score History
You have not taken this quiz